[Event "Matinhos Caioba op 9th"]
[Site "Matinhos"]
[Date "2025.07.05"]
[Round "8"]
[White "Stocco, Murilo de Andrade"]
[Black "Saiz Rodriguez, Daniel Evelio"]
[Result "0-1"]
[WhiteElo "1652"]
[BlackElo "2187"]
[PlyCount "52"]
[EventDate "2025.06.29"]
[EventType "swiss"]
[EventRounds "9"]
[EventCountry "BRA"]
[SourceTitle "CB28_2025"]
[SourceDate "2025.07.09"]
[SourceVersion "1"]
[SourceVersionDate "2025.07.09"]
[SourceQuality "1"]

1. e4 c5 2. Nf3 Nc6 3. d4 cxd4 4. Nxd4 e5 5. Nb5 d6 6. N1c3 a6 7. Na3 Be7 8. Be2 Nf6 9. Bg5 Be6 10. Bxf6 Bxf6 11. Nd5 0-0 12. c3 Bg5 13. 0-0 Ne7 14. Nxe7+ Qxe7 15. Bg4 Rad8 16. Qe2 d5 17. exd5 Bxd5 18. Qc2 g6 19. Rad1 Bxa2 20. c4 Qb4 21. Rxd8 Rxd8 22. Rd1 Rxd1+ 23. Qxd1 Qxb2 24. Qd3 Qc1+ 25. Bd1 e4 26. Qd5 Bb3 0-1

[Event "Florianopolis op 11th"]
[Site "Florianopolis"]
[Date "2025.01.22"]
[Round "6"]
[White "Ziegler, Lucas"]
[Black "Stocco, Murilo De Andrade"]
[Result "0-1"]
[WhiteElo "1434"]
[BlackElo "1669"]
[PlyCount "62"]
[EventDate "2025.01.18"]
[EventType "swiss"]
[EventRounds "10"]
[EventCountry "BRA"]
[SourceTitle "CB05_2025"]
[SourceDate "2025.01.29"]
[SourceVersion "1"]
[SourceVersionDate "2025.01.29"]
[SourceQuality "1"]

1. e4 c5 2. Nf3 d6 3. d4 cxd4 4. Nxd4 Nf6 5. Nc3 a6 6. Bd3 e5 7. Nf3 Be7 8. h3 h6 9. Be3 Be6 10. Qd2 b5 11. a3 Nbd7 12. b4 Rc8 13. 0-0 Bc4 14. Rfe1 0-0 15. Rac1 Nb6 16. Bxb6 Qxb6 17. Qe3 Qb7 18. Ne2 a5 19. Ng3 axb4 20. axb4 Be6 21. Qd2 Rfd8 22. Qe2 Bd7 23. Qd2 Bc6 24. Nf5 Bf8 25. Ng3 d5 26. exd5 Nxd5 27. c3 Nf4 28. Nxe5 Nxd3 29. Nxd3 Bxg2 30. h4 Bh3 31. f4 Rxd3 0-1

[Event "Florianopolis op 11th"]
[Site "Florianopolis"]
[Date "2025.01.21"]
[Round "5"]
[White "Stocco, Murilo De Andrade"]
[Black "Jenidarchiche, Douglas Rodrigo"]
[Result "0-1"]
[WhiteElo "1669"]
[BlackElo "1914"]
[PlyCount "128"]
[EventDate "2025.01.18"]
[EventType "swiss"]
[EventRounds "10"]
[EventCountry "BRA"]
[SourceTitle "CB05_2025"]
[SourceDate "2025.01.29"]
[SourceVersion "1"]
[SourceVersionDate "2025.01.29"]
[SourceQuality "1"]

1. e4 d5 2. exd5 Qxd5 3. Nc3 Qa5 4. d4 c6 5. Nf3 Nf6 6. h3 Bf5 7. Bd3 e6 8. 0-0 Bd6 9. Ne2 Bg6 10. Bxg6 hxg6 11. Bf4 Be7 12. Ng3 Nbd7 13. c3 Nd5 14. Bd2 Qc7 15. c4 N5f6 16. Re1 Bd6 17. Nf1 0-0-0 18. c5 Bf4 19. a4 Nd5 20. a5 a6 21. Qc2 g5 22. Nxg5 N7f6 23. Ne4 Nxe4 24. Qxe4 g5 25. Ne3 Nf6 26. Qf3 Rh6 27. Bc3 Bxe3 28. Qxe3 Rg6 29. Qe5 Qe7 30. Bd2 Rd5 31. Qe3 g4 32. h4 g3 33. fxg3 Nh5 34. Rf1 Nxg3 35. Rf3 Qxh4 36. Re1 Rxd4 37. Bc3 Qh1+ 38. Kf2 Ne4+ 39. Ke2 Qxg2+ 40. Rf2 Qg4+ 41. Qf3 Nxc3+ 42. bxc3 Re4+ 43. Kd1 Rxe1+ 44. Kxe1 Qxf3 45. Rxf3 f5 46. Ke2 Rg4 47. Rh3 Rc4 48. Rh8+ Kc7 49. Rh7+ Kb8 50. Re7 Rxc5 51. Rxe6 Rxa5 52. Kd3 Kc7 53. Kc2 Kb6 54. Kb3 Rc5 55. Rf6 Re5 56. Rf7 a5 57. Rf8 Kc5 58. Ra8 b6 59. Rf8 b5 60. Rf7 a4+ 61. Ka3 Kc4 62. Kb2 c5 63. Rf8 Re2+ 64. Kb1 Kb3 0-1

[Event "Blumenau U2400 op"]
[Site "Blumenau"]
[Date "2024.09.01"]
[Round "5"]
[White "Stocco, Murilo De Andrade"]
[Black "Da Costa, Breno Ferreira"]
[Result "0-1"]
[WhiteElo "1659"]
[BlackElo "1911"]
[PlyCount "160"]
[EventDate "2024.08.30"]
[EventType "swiss"]
[EventRounds "6"]
[EventCountry "BRA"]
[SourceTitle "EXT 2025"]
[Source "ChessBase"]
[SourceDate "2024.10.14"]
[SourceVersion "1"]
[SourceVersionDate "2024.10.14"]
[SourceQuality "1"]

1. e4 c5 2. Nf3 d6 3. d4 cxd4 4. Nxd4 Nf6 5. Nc3 a6 6. Bg5 e6 7. f4 Be7 8. Qf3 Qc7 9. 0-0-0 Nbd7 10. g4 h6 11. Bxf6 Bxf6 12. h4 Nb6 13. g5 Bxd4 14. Rxd4 Qc5 15. Rd1 Bd7 16. gxh6 Rxh6 17. Qd3 Na4 18. Qxd6 Qxd6 19. Rxd6 Nxc3 20. bxc3 Bc6 21. Bd3 Ke7 22. Rd4 Rah8 23. Kb2 Rxh4 24. Rxh4 Rxh4 25. e5 f6 26. exf6+ gxf6 27. Bc4 Rh3 28. Rd3 Rh4 29. Rd4 Rh1 30. Rd2 Rh4 31. Rd4 Rh2 32. Bd3 Rh1 33. Be2 e5 34. fxe5 fxe5 35. Rd1 Rh2 36. Re1 Kf6 37. Kc1 Kg5 38. Bd3 Kf4 39. Kd1 Bf3+ 40. Kc1 b5 41. Bg6 e4 42. Bf7 e3 43. Bg6 Be2 44. Rg1 Bc4 45. a3 Rf2 46. Bh5 e2 47. Bxe2 Rxe2 48. Rg6 Re6 49. Rg7 Bd5 50. Kb2 Ke5 51. Ra7 Rc6 52. Rg7 Kd6 53. Rh7 Bc4 54. Rg7 Kc5 55. Rg5+ Kb6 56. Rf5 Ka5 57. Re5 Re6 58. Rg5 Re2 59. Rg3 Ka4 60. Rh3 Rg2 61. Rf3 Bd5 62. Rf6 Ka5 63. Rf4 Re2 64. Rf1 Be4 65. Rf4 Rxc2+ 66. Kb3 Re2 67. Rh4 Bd5+ 68. c4 Bxc4+ 69. Kc3 Re3+ 70. Kb2 Rb3+ 71. Kc2 Rxa3 72. Kb2 Ra2+ 73. Kb1 Kb4 74. Rxc4+ bxc4 75. Kxa2 Kc3 76. Ka3 Kd2 77. Ka4 c3 78. Ka5 c2 79. Kxa6 c1Q 80. Kb5 Qc3 0-1

[Event "Blumenau U2400 op"]
[Site "Blumenau"]
[Date "2024.08.31"]
[Round "2"]
[White "Dos Santos, Nathan Augusto"]
[Black "Stocco, Murilo De Andrade"]
[Result "1/2-1/2"]
[WhiteElo "1800"]
[BlackElo "1659"]
[PlyCount "64"]
[EventDate "2024.08.30"]
[EventType "swiss"]
[EventRounds "6"]
[EventCountry "BRA"]
[SourceTitle "EXT 2025"]
[Source "ChessBase"]
[SourceDate "2024.10.14"]
[SourceVersion "1"]
[SourceVersionDate "2024.10.14"]
[SourceQuality "1"]

1. d4 Nf6 2. Nf3 g6 3. Bf4 d5 4. h3 Bg7 5. e3 0-0 6. Be2 Bf5 7. 0-0 Nbd7 8. Nbd2 c5 9. c3 Rc8 10. Ne5 Nxe5 11. Bxe5 c4 12. Qa4 Qb6 13. Qa3 Rfe8 14. Bf3 Be6 15. Rfe1 Nd7 16. Bxg7 Kxg7 17. e4 dxe4 18. Bxe4 Nf6 19. Bf3 Rc7 20. Rab1 Nd5 21. Bxd5 Bxd5 22. Re5 e6 23. Rbe1 Rd8 24. R5e3 a6 25. b3 cxb3 26. axb3 Qd6 27. Qxd6 Rxd6 28. Rc1 b6 29. Rd3 Bb7 30. Nc4 Rdc6 31. Ne3 Rd6 32. Rdd1 Rd8 1/2-1/2

[Event "Blumenau U2400 op"]
[Site "Blumenau"]
[Date "2024.08.31"]
[Round "4"]
[White "Grundmann, Julia Cristhine"]
[Black "Stocco, Murilo De Andrade"]
[Result "1/2-1/2"]
[WhiteElo "1562"]
[BlackElo "1659"]
[PlyCount "68"]
[EventDate "2024.08.30"]
[EventType "swiss"]
[EventRounds "6"]
[EventCountry "BRA"]
[SourceTitle "EXT 2025"]
[Source "ChessBase"]
[SourceDate "2024.10.14"]
[SourceVersion "1"]
[SourceVersionDate "2024.10.14"]
[SourceQuality "1"]

1. e4 c5 2. c4 Nc6 3. Nf3 d6 4. Nc3 Nf6 5. d4 cxd4 6. Nxd4 g6 7. Be2 Bg7 8. Be3 0-0 9. Qd2 Re8 10. 0-0 Ng4 11. Bxg4 Bxg4 12. h3 Bd7 13. Rfe1 Ne5 14. b3 a6 15. Rac1 Rc8 16. f4 Nc6 17. Qf2 e5 18. Nxc6 Bxc6 19. f5 Kh8 20. Nd5 Bxd5 21. cxd5 Qf6 22. h4 h6 23. Rf1 Qd8 24. f6 Bf8 25. Qd2 Kh7 26. Rf3 Rxc1+ 27. Qxc1 Qc8 28. Rg3 Qxc1+ 29. Bxc1 Rc8 30. Be3 h5 31. Rf3 Bh6 32. Bxh6 Kxh6 33. Kh2 Rc2 34. Re3 Rc1 1/2-1/2